书目信息 |
| 题名: |
最新家用录放像机拆拆卸调整维修手册(6):松下NV-HD100MC/NV-HD80MC录像机
|
|
| 作者: | 本书编写 编 | |
| 分册: | ||
| 出版信息: | 北京 人民邮电出版社 1995.01 |
|
| 页数: | 105页 | |
| 开本: | 16开 | |
| 丛书名: | ||
| 单 册: | ||
| 中图分类: | TN946-62 | |
| 科图分类: | ||
| 主题词: | 录象系统 | |
| 电子资源: | ||
| ISBN: | 7-115-05351-0 | |
| 000 | 00718nam0 2200205 45 | |
| 001 | 0004241591 | |
| 005 | 20000424155648.3 | |
| 010 | @a7-115-05351-0@d31.50元 | |
| 100 | @a20000424d1995 km y0chiy0120 ea | |
| 101 | @achi | |
| 105 | @a z 000yy | |
| 200 | 1 | @a最新家用录放像机拆拆卸调整维修手册(6):松下NV-HD100MC/NV-HD80MC录像机@AZui Xin Jia Yong Lu Fang Xiang Ji Chai Chai Xie DiaoZheng Wei Xiu Shou Ce(6):Song Xia NV-HD100MC/NV-HD80MC Lu Xiang Ji@f本书编写编@FBen Shu Bian Xie Bian |
| 205 | @a1 | |
| 210 | @a北京@c人民邮电出版社@d1995.01 | |
| 215 | @a105页@d16开 | |
| 606 | 0 | @a录象系统 |
| 690 | @aTN946-62@v3 | |
| 701 | @a本书编写@4编 | |
| 801 | @aCN@bPftUser@c20000424 | |
| 905 | @f1@b53501@dTN946-62@eB:071:6 | |
| 最新家用录放像机拆拆卸调整维修手册(6):松下NV-HD100MC/NV-HD80MC录像机/本书编写编.-1.-北京:人民邮电出版社,1995.01 |
| 105页;16开 |
| ISBN 7-115-05351-0:31.50元 |
| ● |
| 相关链接 |
|
|
|
正题名:最新家用录放像机拆拆卸调整维修手册(6):松
索取号:TN946-62/B:071:6
 
预约/预借
| 序号 | 登录号 | 条形码 | 馆藏地/架位号 | 状态 | 备注 |
| 1 | 53501 | 200535019 | 自科二线404/404自科库 23排6列4层/ [索取号:TN946-62/B:071:6] | 在馆 |